|
|
|
|
| LEADER |
00000naa0a2200000 4500 |
| 001 |
674779 |
| 005 |
20241025154548.0 |
| 090 |
|
|
|a 674779
|
| 100 |
|
|
|a 20240920d2023 k||y0rusy50 ca
|
| 101 |
0 |
|
|a eng
|
| 102 |
|
|
|a US
|
| 135 |
|
|
|a drcn ---uucaa
|
| 181 |
|
0 |
|a i
|b e
|
| 182 |
|
0 |
|a b
|
| 183 |
|
0 |
|a cr
|2 RDAcarrier
|
| 200 |
1 |
|
|a Determination of Hydrophilic Bioactive Substances in Liquid and Dry Extracts of Sea Buckthorn
|f А. Chernova, A. Davydkina, A. Gurenkovа [et al.]
|
| 203 |
|
|
|a Текст
|c электронный
|b визуальный
|
| 283 |
|
|
|a online_resource
|2 RDAcarrier
|
| 300 |
|
|
|a Заглавие с экрана
|
| 320 |
|
|
|a References: 25 tit.
|
| 330 |
|
|
|a HPLC-UV was used to quantify the content of hydrophilic bioactive substances (serotonin, flavonoids) in liquid and dry extracts of non-fruiting parts of sea buckthorn (leaves, twigs and bark). It has been established that the studied aqueous extracts of sea buckthorn contain up to 14% (wt.) of serotonin in terms of dry matter, and dry extracts - up to 20% (wt.). It was found that flavonoids were found in all the studied extracts of sea buckthorn leaves and branches. The content of dihydroquercetin was found only in the extract of the branches, its content was 0.43% (wt.), Rutin and quercetin were determined in the extract of the leaves, they are contained up to 0.39% (wt.) and 1.13% (wt.), subsequently.
|
| 463 |
|
1 |
|t Research in “Chemical, Biological & Environmental Sciences” (RCBES-23)
|l 30th Canada International Conference, July 20-21, 2023 Montreal (Canada)
|v P. 23-27
|d 2023
|c Montreal
|n EARHM
|
| 610 |
1 |
|
|a extraction
|
| 610 |
1 |
|
|a HPLC
|
| 610 |
1 |
|
|a hydrophilic bioactive substances
|
| 610 |
1 |
|
|a sea buckthorn
|
| 610 |
1 |
|
|a электронный ресурс
|
| 610 |
1 |
|
|a труды учёных ТПУ
|
| 701 |
|
1 |
|a Chernova
|b A. P.
|c chemist
|c Associate Professor of Tomsk Polytechnic University, Candidate of chemical sciences
|f 1984-
|g Anna Pavlovna
|9 22278
|
| 701 |
|
1 |
|a Davydkina
|b A. E.
|g Anna Evgenjevna
|
| 701 |
|
1 |
|a Gurenkova
|b A. A.
|c chemist
|c Research Engineer of Tomsk Polytechnic University
|f 2000-
|g Anastasia Aleksandrovna
|y Tomsk
|9 88659
|
| 701 |
|
1 |
|a Bondarenko
|b A. S,
|g Anna Sergeevna
|
| 701 |
|
1 |
|a Alekseeva
|b M. M.
|g Mariya Mikhaylovna
|
| 712 |
0 |
2 |
|a National Research Tomsk Polytechnic University
|4 570
|9 27197
|
| 801 |
|
0 |
|a RU
|b 63413507
|c 20240920
|g RCR
|
| 856 |
4 |
|
|u https://eares.org/siteadmin/upload/8676EAP0723114.pdf
|z https://eares.org/siteadmin/upload/8676EAP0723114.pdf
|
| 942 |
|
|
|c CF
|